000 02643nam a2200313 a 4500
001 000000397893
003 IT-MiSPE
005 20250324144906.0
008 111212s2011 it 001 u ita d
020 _a9788845264634
_c85,00 €
040 _aIT-MiSPE
_bita
_dip
_cIT-MiSPE
041 0 _aita lat
_hlat
082 _a195-MAR fi te (ppv 23404)
100 1 _aFicino, Marsilio,
_d1433-1499.
_961979
245 1 0 _aTeologia platonica /
_cMarsilio Ficino ; saggio introduttivo, traduzione, note e apparati di Errico Vitale.
260 _aMilano :
_bBompiani,
_c©2011.
300 _axci, 2049 p. ;
_c22 cm
490 1 _aIl pensiero occidentale
504 _aContiene riferimenti bibliografici e indici
520 _aMarsilio Ficino (1433-1499) è tra i maggiori filosofi del Quattrocento. Dalla personalità complessa, egli fu insieme medico, astrologo, teologo, filologo e filosofo, fine traduttore e interprete e sottile pensatore, tanto votato alla più astratta speculazione dialettica, quanto consacrato all'impegno presbiterale, secondo una particolare visione del rapporto tra ricerca filosofica e dignità sacerdotale, fondata sull'unità di ''sapientia'' e ''religio''. Se gli va ascritto il merito di avere, alle soglie dell'età moderna, offerto al mondo latino la conoscenza dei testi fondamentali della tradizione platonica greca, primi fra tutti il ''Corpus platonicum'' e le ''Enneadi'' plotiniane, che ebbero sulla coscienza occidentale un influsso equiparabile a quello esercitato dalle opere di Aristotele sul pensiero medioevale del XIII secolo, nondimeno va riconosciuto che, assumendosi consapevolmente e pienamente il compito di affiancare alle traduzioni che andava svolgendo i necessari strumenti ermeneutici, quali introduzioni e commentari, da un lato egli seppe realizzare una sintesi dottrinaria che assurge alla dignità di un autentico sistema filosofico; dall'altro, come ha affermato il Vasoli, concorse in modo decisivo alla ''nascita'' di una nuova immagine e di un nuovo linguaggio della filosofia, non più patrimonio esclusivo dei magistri, ma presente e operante nella cultura di letterati e filologi, storici e uomini politici e, addirittura, di un nuovo ceto di tecnici e ''artisti'', contribuendo alla fine dell'egemonia aristotelica in seno alle università.
546 _aTraduzione italiana con testo latino a fronte
655 7 _aUmanesimo
_xFicino, Marsilio (1433-1499)
_961980
700 1 _aVitale, Errico,
_eed.
_d1964-
_961981
830 3 _aIl pensiero occidentale.
_957173
942 _2ddc
_cBK
990 1 0 _a90001a
_b10001ad
999 _c360466
_d360466